000 00927nam a22002057a 4500
999 _c59434
_d59434
003 Ge_BSU
005 20230216112421.0
008 230216s2000 ge ||||| |||| 00| 0 geo d
020 _a9992870214
041 _ageo
080 _a342(73) : 321.7(73) რ-92
100 _aრურუა, ნიკოლოზ
_916933
245 _aკანონი - გააზრებული გამბედაობა /
_cნიკოლოზ რურუა ; ქართული პენ ცენტრი.
264 _aთბილისი :
_bაზრი,
_c 2000.
300 _a31 გვ. ;
_b19 სმ.
653 _aამერიკის შეერთებული შტატების სამოქალაქო სამართალი
653 _aდემოკრატია აშშ-ში
710 _aქართული პენ ცენტრი.
_916934
942 _2udc
_cBK